000 00384nam a22001817a 4500
003 OSt
008 231230b |||||||| |||| 00| 0 eng d
020 _a9789355408884
082 _a658 GAB
100 _aGARG,Rohit
245 _aBusiness Organization
250 _a-
260 _bKalyani Publishers
300 _aMISC
700 _aANJU
700 _aPARAS
942 _2ddc
_cBK
999 _c12137
_d12137